Odbornosť - to je ono!

Bibliographic Details
Main Authors: Gľonda, Michal (Author), Lenhart, Jozef, 1950- (Author)
Format: Article
Language:Slovak
PhysicalDescription:Obr.
Subjects:

MARC

LEADER 00000nab a2200000 a 4500
001 vtls000344345
003 SK-MaSNL
005 20260426101006.0
008 140422c1989 xo 0 slo
015 |a SNBRB19rr/mm-uuuuu 
035 |a CL0344467 
040 |a SNKBUCL  |b slo  |c SNKBUCL  |e AACR2 
041 0 |a slo 
044 |a xo  |c SK 
080 |a 711.61  |2 1981 
080 |a 712.25  |2 1981 
080 |a 504.06  |2 1981 
080 |a 904(437.6)  |2 1981 
100 1 |a Gľonda, Michal  |4 aut  |9 848294 
245 1 0 |a Odbornosť - to je ono!  |c Michal Gľonda, Jozef Lenhart 
300 |b Obr. 
650 0 7 |a mestská zeleň  |2 SNKPH  |9 2940 
650 0 7 |a kultúrne pamiatky  |2 SNKPH  |9 2862 
651 7 |a Bratislava (Slovensko)  |2 SNKPHgeo  |9 14568 
655 7 |a články z novín a časopisov  |2 snkbucl  |9 267496 
700 1 |a Lenhart, Jozef,  |d 1950-  |4 aut  |9 264193 
773 0 |t Literárny týždenník  |g Roč. 2, č. 1 (1989), s. 10 
850 |a Slovenská národná knižnica v Martine  |a MTA001 
852 |a SNK  |b KIS3GCP 
957 |a 5100 
958 |a RK 
999 |c 3214608  |d 3216538